| 000 | 00541nam a2200169Ia 4500 | ||
|---|---|---|---|
| 003 | GCL | ||
| 005 | 20240530103439.0 | ||
| 008 | 140319s9999 xx 000 0 ara d | ||
| 040 |
_aGCL / _cGCL |
||
| 082 | 0 | 4 |
_a811.094 _bم ط |
| 100 | 0 | _aمريد البرغوتى | |
| 245 | 1 | 0 |
_aالطوفان واعادة التكوين (هدية من الاديب عبدالفتاح الجمل) / _cمريد البرغوتى |
| 300 | _a95 ص | ||
| 650 | 0 | 4 | _aالادب العربى |
| 650 | 0 | 4 | _aالشعر العربى الحديث |
| 942 |
_2ddc _cBK |
||
| 999 |
_c39480 _d39480 |
||